000 00829cam a2200265 a 4500
001 000019680
005 20200929170111.0
008 791121s1967 sp 001 e spa d
040 _aDO-SdBNP
_bspa
_cDLC
_dBNPHU
082 _a864.6
_bÓ77n, 1967
100 1 _aOrtega y Gasset, José,
_d1883-1955.
_95769
245 1 0 _aNotas /
_cJosé Ortega y Gasset.
250 _a10a ed.
260 _aMadrid :
_bEspasa-Calpe,
_c1967.
300 _a157, [18] p. ;
_c18 cm.
490 1 _aAustral. Verde: ensayos y filosofía
_v45
500 _aIncluye índice de autores.
650 4 _aEnsayos españoles
_93095
650 4 _aFilosofía española
_913658
650 4 _aLiteratura española
_9632
830 0 _aAustral.
_pVerde: ensayos y filosofía;
_v45
_98733
910 _aCatalogación derivada / LC
910 _aWM
049 _aBNGR
999 _c19195
_d19195